01218nas a2200289 a 450000100060000000300080000600500170001400800410003103500190007203500160009104001180010704100080022507000180023307200090025108200270026011000570028724500440034426000750038830000330046365000280049671000640052471000810058871000780066978000580074778500370080578700860084243928BD-RjUL20211209053755.0160629s1956 nyuar0 s i0 a0eng  a(BD-RjUL)44046 a(NNC)523995 aDLCcUDIdNSDdOCLdIULdNSDdOCLdHULdOCLdDLCdOCLdDLCdAGLdOCLdDLCdHULdMULdm/cdIULdNSTdDLCdIULbeng aeng1 a280.9bUn3656 7aE1000 a330.9005223bUNW 1956104United NationsaDept. of Economic and Social Affairs10aWorld economic survey /cUnited Nations aNew York :bUnited Nations Dept. of Economic and Social Affairs,c1956 axi, 201 p. :bill. ;c28 cm. 0aEconomic history y19552 aUnited Nations.bDepartment of Economic and Social Affairs.2 aUnited Nations.bCentre for Development Planning, Projections, and Policies.2 aUnited Nations.bDepartment of International Economic and Social Affairs.00tWorld economic reportw(OCoLC)1188639w(DLC) 8464228000tWorld economic and social survey0 tWorld economic survey (New York, N.Y.). Readerw(DLC)sn 92028230w(OCoLC)25479718